Το βασιλικό παιχνίδι
Αποθηκεύτηκε σε:
| Κύριος συγγραφέας: | |
|---|---|
| Άλλοι συγγραφείς: | |
| Μορφή: | Βιβλίο |
| Γλώσσα: | Greek German |
| Δημοσίευση: |
Αθήνα :
Αποσπερίτης,
c1987.
|
| Θέματα: | |
| Ετικέτες: |
Προσθήκη ετικέτας
Δεν υπάρχουν, Καταχωρήστε ετικέτα πρώτοι!
|
MARC
| LEADER | 00000cam a2200000 i 4500 | ||
|---|---|---|---|
| 001 | 1/34867 | ||
| 008 | 941103s1987 gr | ||| |||| ||gre|| | ||
| 035 | |a 1990 |c Δωρεά |l 10039772 | ||
| 040 | |a GR-MyUa |b gre |e AACR2 | ||
| 041 | 1 | |a gre |h ger | |
| 082 | 7 | |a 833 |2 (22) | |
| 100 | 1 | |a Zweig, Stefan, |d 1881-1942. | |
| 245 | 1 | 3 | |a Το βασιλικό παιχνίδι / |c Στέφαν Τσβάιχ ; μετάφραση: Κατερίνα Χατζή. |
| 260 | |a Αθήνα : |b Αποσπερίτης, |c c1987. | ||
| 300 | |a 107 σ. ; |c 21 εκ. | ||
| 650 | 0 | |a Austrian fiction. | |
| 700 | 1 | |a Χατζή, Κατερίνα, |e trlf | |
| 852 | |a INST |b CHIOS |e 20120627 |h 833 ZWE |p 005200032765 |q 005200032765 |t BK |y 0 | ||
| 852 | |a INST |b SAMOS |e 19941103 |h 839.93 ZWE |p 005300000505 |q 005300000505 |t BK |y 0 | ||
| 852 | |a INST |b SYROS |e 20120607 |h 833 ZWE |p 005500010337 |q 005500010337 |t BK |y 0 | ||
| 901 | |a BIBL5-2012-1 | ||
| 901 | |a BIBL2-2012-2 | ||
| 970 | |a Κοντού |b Παρασκευή |z 07/06/2012 | ||